[Event "GRE CupT 43rd"]
[Site "Loutraki"]
[Date "2025.07.06"]
[Round "2.2"]
[White "Galopoulos, Nikolaos"]
[Black "Nikolaidis, Ioannis"]
[Result "1/2-1/2"]
[WhiteElo "2425"]
[BlackElo "2455"]
[PlyCount "64"]
[EventDate "2025.07.05"]
[EventType "team-k.o."]
[EventRounds "2"]
[EventCountry "GRE"]
[SourceTitle "CB28_2025"]
[SourceDate "2025.07.09"]
[SourceVersion "1"]
[SourceVersionDate "2025.07.09"]
[SourceQuality "1"]
[WhiteTeam "Kavalas"]
[BlackTeam "Piraikos OS"]
[WhiteTeamCountry "GRE"]
[BlackTeamCountry "GRE"]

1. d4 Nf6 2. c4 e6 3. Bg5 h6 4. Bh4 c5 5. d5 exd5 6. cxd5 d6 7. e4 Be7 8. Nc3 0-0 9. Bg3 Nxe4 10. Nxe4 f5 11. Bd3 fxe4 12. Bxe4 Bf5 13. Bxf5 Rxf5 14. Ne2 Na6 15. 0-0 Nc7 16. Nc3 Qd7 17. Qd3 Bf6 18. Rad1 Rf8 19. Ne4 Be5 20. Rfe1 Bxg3 21. Qxg3 Nb5 22. f3 Re5 23. Qg6 Nd4 24. Qxd6 Qxd6 25. Nxd6 Rxd5 26. Nxb7 Rb8 27. Nxc5 Rxb2 28. Na4 Rxa2 29. Nc3 Ne2+ 30. Nxe2 Rxe2 31. Rxd5 Rxe1+ 32. Kf2 Re6 1/2-1/2

[Event "Piraeus"]
[Site "Piraeus"]
[Date "2025.04.15"]
[Round "6"]
[White "Nikolaidis, Ioannis"]
[Black "Patrelakis, Evaggelos"]
[Result "1/2-1/2"]
[WhiteElo "2478"]
[BlackElo "2425"]
[PlyCount "59"]
[EventDate "2025.04.11"]
[EventType "tourn"]
[EventRounds "9"]
[EventCountry "GRE"]
[EventCategory "6"]
[SourceTitle "CB20_2025"]
[SourceDate "2025.05.14"]
[SourceVersion "1"]
[SourceVersionDate "2025.05.14"]
[SourceQuality "1"]

1. d4 Nf6 2. c4 e6 3. Nf3 d5 4. g3 dxc4 5. Bg2 a6 6. 0-0 Nc6 7. e3 Bd7 8. Qe2 Bd6 9. Qxc4 0-0 10. Rd1 Qe7 11. Qe2 Rab8 12. Nbd2 e5 13. dxe5 Nxe5 14. Nxe5 Bxe5 15. Nc4 Rfd8 16. Bd2 Bb5 17. a4 Bxc4 18. Qxc4 Bxb2 19. Ra2 b5 20. axb5 axb5 21. Qc2 Be5 22. Bc6 Qe6 23. Ra6 Qc4 24. Qxc4 bxc4 25. Ba4 g6 26. f4 Ne4 27. fxe5 Nxd2 28. Bc6 Rb6 29. Ra8 Rxa8 30. Bxa8 1/2-1/2

[Event "Piraeus"]
[Site "Piraeus"]
[Date "2025.04.13"]
[Round "3"]
[White "Nikolaidis, Ioannis"]
[Black "Krallis, Christos"]
[Result "1-0"]
[WhiteElo "2478"]
[BlackElo "2371"]
[PlyCount "105"]
[EventDate "2025.04.11"]
[EventType "tourn"]
[EventRounds "9"]
[EventCountry "GRE"]
[EventCategory "6"]
[SourceTitle "CB20_2025"]
[SourceDate "2025.05.14"]
[SourceVersion "1"]
[SourceVersionDate "2025.05.14"]
[SourceQuality "1"]

1. d4 d5 2. c4 e6 3. Nc3 Nf6 4. cxd5 exd5 5. Bg5 c6 6. e3 Be7 7. Bd3 h6 8. Bh4 0-0 9. f3 Ne4 10. Bxe7 Nxc3 11. Bxd8 Nxd1 12. Rxd1 Rxd8 13. Ne2 b6 14. Rc1 Ba6 15. Bxa6 Nxa6 16. Rxc6 Nb4 17. Rc7 Nxa2 18. Kd2 Rdc8 19. Rd7 Nb4 20. Nc3 Kf8 21. Ra1 a6 22. Rc1 Rd8 23. Rc7 b5 24. Ne2 Rd6 25. Rb7 Rc6 26. Rc7 Rd6 27. Nf4 Re8 28. Ra7 g5 29. Nh5 Rde6 30. Rcc7 R8e7 31. Ra8+ Re8 32. Rxe8+ Rxe8 33. Ng3 Kg7 34. Nf5+ Kg6 35. Nd6 Rf8 36. Kc3 a5 37. Nxb5 Rb8 38. Rc5 f5 39. b3 f4 40. exf4 gxf4 41. Nc7 Na2+ 42. Kc2 Nb4+ 43. Kd2 Rb7 44. Nxd5 Nxd5 45. Rxd5 Rxb3 46. Rxa5 Rb2+ 47. Kd3 Rxg2 48. h4 h5 49. Ke4 Rh2 50. Rg5+ Kh6 51. d5 Rxh4 52. d6 Rh1 53. Rd5 1-0

[Event "Piraeus"]
[Site "Piraeus"]
[Date "2025.04.11"]
[Round "1"]
[White "Nikolaidis, Ioannis"]
[Black "Mitsis, Georgios"]
[Result "1/2-1/2"]
[WhiteElo "2478"]
[BlackElo "2385"]
[PlyCount "61"]
[EventDate "2025.04.11"]
[EventType "tourn"]
[EventRounds "9"]
[EventCountry "GRE"]
[EventCategory "6"]
[SourceTitle "CB20_2025"]
[SourceDate "2025.05.14"]
[SourceVersion "1"]
[SourceVersionDate "2025.05.14"]
[SourceQuality "1"]

1. Nf3 d5 2. d4 Nf6 3. c4 e6 4. Nc3 Bb4 5. e3 0-0 6. Bd3 dxc4 7. Bxc4 c5 8. 0-0 Nc6 9. a3 Ba5 10. Qd3 a6 11. a4 Qe7 12. Ne4 Nb4 13. Nxf6+ Qxf6 14. Qe2 Nc6 15. dxc5 Bb4 16. Bd2 Bxc5 17. Bc3 Qe7 18. Nd4 Nxd4 19. Bxd4 Bd7 20. Rfd1 Bc6 21. b3 Rfd8 22. Bxc5 Qxc5 23. Rxd8+ Rxd8 24. Rd1 Qg5 25. Rxd8+ Qxd8 26. f3 h6 27. e4 Qd4+ 28. Qf2 Qd1+ 29. Qf1 Qd4+ 30. Qf2 Qd1+ 31. Qf1 1/2-1/2

[Event "GRE-chT 51st"]
[Site "Trikala"]
[Date "2024.07.09"]
[Round "6.2"]
[White "Nikolaidis, Ioannis"]
[Black "Raptis, Filippos"]
[Result "1/2-1/2"]
[WhiteElo "2491"]
[BlackElo "2139"]
[PlyCount "75"]
[EventDate "2024.07.04"]
[EventType "team-swiss"]
[EventRounds "7"]
[EventCountry "GRE"]
[SourceTitle "CBM 221 Extra"]
[Source "ChessBase"]
[SourceDate "2024.09.30"]
[SourceVersion "1"]
[SourceVersionDate "2024.09.30"]
[SourceQuality "1"]
[WhiteTeam "Peiraikos OS"]
[BlackTeam "Evoiki ES"]
[WhiteTeamCountry "GRE"]
[BlackTeamCountry "GRE"]

1. d4 Nf6 2. Nf3 g6 3. Nbd2 Bg7 4. e4 d6 5. Bb5+ c6 6. Bd3 0-0 7. 0-0 Nbd7 8. a4 e5 9. dxe5 Nxe5 10. Nxe5 dxe5 11. Nc4 Qc7 12. f4 b5 13. Nxe5 Nh5 14. Ng4 f5 15. exf5 Bxf5 16. Bxf5 Rxf5 17. g3 Rd8 18. Qe2 a6 19. axb5 axb5 20. Be3 Re8 21. Qf3 Nf6 22. Ra7 Qd6 23. Rd1 Rd5 24. Rxd5 Qxd5 25. Nxf6+ Bxf6 26. Qxd5+ cxd5 27. Kf2 Bxb2 28. Rc7 Re4 29. Rc5 Rc4 30. Rxb5 Rxc2+ 31. Kf3 Rxh2 32. Rxd5 h5 33. Rd7 Bf6 34. Bb6 Rc2 35. Bc7 Rc3+ 36. Kg2 Rc2+ 37. Kh3 Rc5 38. Bd8 1/2-1/2

[Event "GRE-chT 51st"]
[Site "Trikala"]
[Date "2024.07.05"]
[Round "2.2"]
[White "Nikolaidis, Ioannis"]
[Black "Sandalakis, Nikolaos"]
[Result "1-0"]
[WhiteElo "2491"]
[BlackElo "2229"]
[PlyCount "53"]
[EventDate "2024.07.04"]
[EventType "team-swiss"]
[EventRounds "7"]
[EventCountry "GRE"]
[SourceTitle "CBM 221 Extra"]
[Source "ChessBase"]
[SourceDate "2024.09.30"]
[SourceVersion "1"]
[SourceVersionDate "2024.09.30"]
[SourceQuality "1"]
[WhiteTeam "Peiraikos OS"]
[BlackTeam "Machites OI"]
[WhiteTeamCountry "GRE"]
[BlackTeamCountry "GRE"]

1. d4 d5 2. Nf3 Nf6 3. c4 c6 4. Nc3 e6 5. Bg5 h6 6. Bh4 g5 7. Bg3 dxc4 8. e4 b5 9. Ne5 Nbd7 10. Be2 Bb7 11. 0-0 h5 12. h3 Nxe5 13. Bxe5 Rh6 14. Qc2 Nd7 15. Bg3 Qf6 16. d5 Bc5 17. a4 b4 18. dxe6 Qxe6 19. Nb1 c3 20. bxc3 b3 21. Qc1 0-0-0 22. Nd2 Ne5 23. Rb1 Nd3 24. Bxd3 Rxd3 25. Nxb3 Bb6 26. a5 Rxg3 27. axb6 1-0

[Event "GRE-chT Cup 42nd"]
[Site "Trikala"]
[Date "2024.07.02"]
[Round "1.3"]
[White "Galopoulos, Nikolaos"]
[Black "Nikolaidis, Ioannis"]
[Result "1/2-1/2"]
[WhiteElo "2397"]
[BlackElo "2491"]
[PlyCount "33"]
[EventDate "2024.07.02"]
[EventType "team-k.o."]
[EventRounds "2"]
[EventCountry "GRE"]
[SourceTitle "CBM 221 Extra"]
[Source "ChessBase"]
[SourceDate "2024.09.30"]
[SourceVersion "1"]
[SourceVersionDate "2024.09.30"]
[SourceQuality "1"]
[WhiteTeam "Kavalas"]
[BlackTeam "Peiraikos OS"]
[WhiteTeamCountry "GRE"]
[BlackTeamCountry "GRE"]

1. d4 Nf6 2. c4 e6 3. Nf3 d5 4. Nc3 dxc4 5. e3 a6 6. a4 c5 7. Bxc4 Nc6 8. 0-0 cxd4 9. exd4 Be7 10. d5 exd5 11. Nxd5 Nxd5 12. Bxd5 0-0 13. Qb3 Na5 14. Qa2 Nc6 15. Qb3 Na5 16. Qa2 Nc6 17. Qb3 1/2-1/2

[Event "Piraeus"]
[Site "Piraeus"]
[Date "2024.04.28"]
[Round "4"]
[White "Szpar, Milosz"]
[Black "Nikolaidis, Ioannis"]
[Result "1/2-1/2"]
[WhiteElo "2495"]
[BlackElo "2508"]
[PlyCount "76"]
[EventDate "2024.04.25"]
[EventType "tourn"]
[EventRounds "9"]
[EventCountry "GRE"]
[EventCategory "6"]
[SourceTitle "CBM 220 Extra"]
[Source "ChessBase"]
[SourceDate "2024.07.31"]
[SourceVersion "1"]
[SourceVersionDate "2024.07.31"]
[SourceQuality "1"]

1. e4 e5 2. Nf3 Nc6 3. d4 exd4 4. Nxd4 Bc5 5. Nb3 Bb6 6. Qe2 d6 7. Nc3 Nf6 8. Bg5 h6 9. Bh4 Be6 10. 0-0-0 g5 11. Bg3 Qe7 12. Qe1 Nh5 13. Bb5 0-0-0 14. Bxc6 bxc6 15. Nd4 Kb7 16. a4 Nxg3 17. hxg3 Qf6 18. Nce2 Bc4 19. a5 Bc5 20. f3 Bxe2 21. Nxe2 d5 22. Nc3 Bb4 23. Nxd5 Bxe1 24. Nxf6 Rxd1+ 25. Kxd1 Bxg3 26. c3 Ka6 27. Kc2 Kxa5 28. b4+ Ka6 29. Kb3 Kb7 30. Kc4 Be5 31. Ng4 Bg7 32. Nf2 Re8 33. Nd3 Bf8 34. g4 Re6 35. e5 Kc8 36. Ra1 Kb7 37. Rh1 Kc8 38. Ra1 Kb7 1/2-1/2

[Event "Piraeus"]
[Site "Piraeus"]
[Date "2024.04.26"]
[Round "2"]
[White "Nikolaidis, Ioannis"]
[Black "Rahmanidis, Petros"]
[Result "1-0"]
[WhiteElo "2508"]
[BlackElo "2294"]
[PlyCount "55"]
[EventDate "2024.04.25"]
[EventType "tourn"]
[EventRounds "9"]
[EventCountry "GRE"]
[EventCategory "6"]
[SourceTitle "CBM 220 Extra"]
[Source "ChessBase"]
[SourceDate "2024.07.31"]
[SourceVersion "1"]
[SourceVersionDate "2024.07.31"]
[SourceQuality "1"]

1. d4 d5 2. Nf3 e6 3. c4 Nf6 4. Nc3 h6 5. Bf4 Bd6 6. e3 Bxf4 7. exf4 dxc4 8. Bxc4 0-0 9. Ne5 a6 10. Bb3 Qd6 11. Qf3 Qxd4 12. 0-0 Nbd7 13. Rfe1 Nxe5 14. fxe5 Nd7 15. Qg3 Re8 16. Re4 Qc5 17. Rae1 Qf8 18. Rc4 Nc5 19. Bc2 b5 20. Rh4 Kh8 21. b4 Nd7 22. Qd3 f5 23. exf6 Nxf6 24. Rf4 Qe7 25. Qg6 Bb7 26. Rxf6 gxf6 27. Qxh6+ Kg8 28. Re3 1-0

[Event "Piraeus"]
[Site "Piraeus"]
[Date "2024.04.25"]
[Round "1"]
[White "Kosakowski, Jakub"]
[Black "Nikolaidis, Ioannis"]
[Result "1-0"]
[WhiteElo "2482"]
[BlackElo "2508"]
[PlyCount "63"]
[EventDate "2024.04.25"]
[EventType "tourn"]
[EventRounds "9"]
[EventCountry "GRE"]
[EventCategory "6"]
[SourceTitle "CBM 220 Extra"]
[Source "ChessBase"]
[SourceDate "2024.07.31"]
[SourceVersion "1"]
[SourceVersionDate "2024.07.31"]
[SourceQuality "1"]

1. e4 c6 2. d4 d5 3. Nc3 dxe4 4. Nxe4 Nf6 5. Nxf6+ exf6 6. c3 Bd6 7. Bd3 Na6 8. Ne2 Nc7 9. Qc2 h5 10. 0-0 Nd5 11. Bd2 Kf8 12. Rad1 g6 13. c4 Nb4 14. Bxb4 Bxb4 15. c5 Ba5 16. Bc4 Bf5 17. Qc1 Qe7 18. Ng3 Bc8 19. d5 h4 20. d6 Qe5 21. d7 Kg7 22. Ne2 Bc7 23. Nf4 g5 24. dxc8Q Raxc8 25. Rd7 Qxf4 26. Rxf7+ Kg6 27. Qc2+ Kh6 28. g3 Qe5 29. f4 Qd4+ 30. Kh1 gxf4 31. Qf5 Be5 32. g4 1-0

[Event "Piraeus GM 01"]
[Site "Piraeus"]
[Date "2024.01.06"]
[Round "4"]
[White "Nikolaidis, Ioannis"]
[Black "Pang, Tao"]
[Result "1/2-1/2"]
[WhiteElo "2516"]
[BlackElo "2430"]
[PlyCount "61"]
[EventDate "2024.01.03"]
[EventType "tourn"]
[EventRounds "9"]
[EventCountry "GRE"]
[EventCategory "7"]
[SourceTitle "CBM 218 Extra"]
[Source "ChessBase"]
[SourceDate "2024.03.31"]
[SourceVersion "1"]
[SourceVersionDate "2024.03.31"]
[SourceQuality "1"]

1. d4 d5 2. c4 e6 3. Nf3 Nf6 4. g3 dxc4 5. Bg2 Nc6 6. Qa4 Bb4+ 7. Bd2 Nd5 8. Bxb4 Ndxb4 9. 0-0 Rb8 10. Nc3 a6 11. Ne5 0-0 12. Bxc6 Nxc6 13. Nxc6 bxc6 14. Qxc4 Rxb2 15. Rab1 Rd2 16. Rbd1 Rxd1 17. Rxd1 Qd6 18. Ne4 Qd5 19. Qxd5 cxd5 20. Nc5 f6 21. f3 Kf7 22. e3 h5 23. Kf2 Ke7 24. Rb1 e5 25. Rb8 a5 26. Nb3 a4 27. Nc5 a3 28. Ra8 g5 29. Rxa3 Bd7 30. Rb3 Ra8 31. a3 1/2-1/2

[Event "GRE-chT 50th"]
[Site "Nikaia"]
[Date "2023.08.29"]
[Round "6.1"]
[White "Mastrovasilis, Dimitrios"]
[Black "Nikolaidis, Ioannis"]
[Result "1/2-1/2"]
[WhiteElo "2587"]
[BlackElo "2509"]
[PlyCount "67"]
[EventDate "2023.08.25"]
[EventType "team"]
[EventRounds "9"]
[EventCountry "GRE"]
[SourceTitle "CBM 216 Extra"]
[Source "ChessBase"]
[SourceDate "2023.11.30"]
[SourceVersion "1"]
[SourceVersionDate "2023.11.30"]
[SourceQuality "1"]
[WhiteTeam "Kavalas"]
[BlackTeam "Piraikos OS"]
[WhiteTeamCountry "GRE"]
[BlackTeamCountry "GRE"]

1. e4 c6 2. d4 d5 3. Nd2 dxe4 4. Nxe4 Nd7 5. Nf3 Ngf6 6. Nxf6+ Nxf6 7. c3 Bg4 8. h3 Bxf3 9. Qxf3 Qd5 10. Be2 Qxf3 11. Bxf3 g6 12. 0-0 Bg7 13. Re1 e6 14. Bd2 0-0 15. Rad1 Rfd8 16. g3 Rd7 17. Kg2 Nd5 18. Bc1 Ne7 19. Be4 h5 20. Bc2 Nd5 21. g4 hxg4 22. hxg4 Nf6 23. Kg3 Nd5 24. f4 Ne7 25. Kf3 Rad8 26. a4 Rd5 27. Bb3 R5d7 28. Bc2 Rd5 29. Rh1 a6 30. Bb3 R5d7 31. Bc2 Rd5 32. Be3 R5d6 33. Rde1 b5 34. b4 1/2-1/2

[Event "GRE-chT 50th"]
[Site "Nikaia"]
[Date "2023.08.25"]
[Round "1.1"]
[White "Nikolaidis, Ioannis"]
[Black "Kanakaris, Georgios"]
[Result "1-0"]
[WhiteElo "2509"]
[BlackElo "2392"]
[PlyCount "119"]
[EventDate "2023.08.25"]
[EventType "team"]
[EventRounds "9"]
[EventCountry "GRE"]
[SourceTitle "CBM 216 Extra"]
[Source "ChessBase"]
[SourceDate "2023.11.30"]
[SourceVersion "1"]
[SourceVersionDate "2023.11.30"]
[SourceQuality "1"]
[WhiteTeam "Piraikos OS"]
[BlackTeam "Pneemathlon"]
[WhiteTeamCountry "GRE"]
[BlackTeamCountry "GRE"]

1. d4 Nf6 2. c4 e5 3. dxe5 Ng4 4. e3 Nxe5 5. Nh3 d5 6. cxd5 Bxh3 7. gxh3 Bd6 8. Nc3 Nbd7 9. Rg1 0-0 10. Rg3 Ng6 11. Bd2 Bxg3 12. hxg3 c6 13. dxc6 bxc6 14. Qc2 Nge5 15. Be2 Nc5 16. Kf1 Qd7 17. Kg2 Rfd8 18. Rd1 Qe6 19. e4 Nc4 20. Bc1 Nb6 21. Re1 Qe7 22. f4 Ne6 23. Bf1 Nd4 24. Qf2 Qb4 25. Be3 c5 26. Bc1 Rd7 27. f5 Re8 28. f6 Re6 29. fxg7 Kxg7 30. Qf4 h6 31. Be2 Nxe2 32. Rxe2 Rf6 33. Qg4+ Rg6 34. Qf5 Rd3 35. Bf4 Nc4 36. Nd5 Qb7 37. b3 Nb6 38. Be5+ Kf8 39. Rf2 Rxd5 40. exd5 Qxd5+ 41. Kh2 Kg8 42. Qf4 Nd7 43. Bb2 Rd6 44. Bc3 Qe6 45. Qf3 Qd5 46. Qxd5 Rxd5 47. Rd2 Nb6 48. Rxd5 Nxd5 49. Bd2 h5 50. Kg2 Kf8 51. Kf3 Ke7 52. g4 hxg4+ 53. Kxg4 Ke6 54. h4 a5 55. Bxa5 c4 56. Kf3 cxb3 57. axb3 f5 58. Bd2 Ke5 59. Bg5 f4 60. h5 1-0

[Event "GRE-chT 49th"]
[Site "Thessaloniki"]
[Date "2022.08.13"]
[Round "2.7"]
[White "Halkias, Alexandros"]
[Black "Nikolaidis, Ioannis"]
[Result "0-1"]
[WhiteElo "2108"]
[BlackElo "2508"]
[PlyCount "96"]
[EventDate "2022.08.12"]
[EventType "team-swiss"]
[EventRounds "7"]
[EventCountry "GRE"]
[SourceTitle "CBM 209 Extra"]
[Source "ChessBase"]
[SourceDate "2022.09.30"]
[SourceVersion "1"]
[SourceVersionDate "2022.09.30"]
[SourceQuality "1"]
[WhiteTeam "Thessaloniki Sach"]
[BlackTeam "Piraikos"]
[WhiteTeamCountry "GRE"]
[BlackTeamCountry "GRE"]

1. d4 Nf6 2. Nf3 d5 3. Bf4 c5 4. c3 Qb6 5. Qb3 Nc6 6. dxc5 Qxc5 7. e3 g6 8. Na3 a6 9. Be2 Bg7 10. Rd1 0-0 11. 0-0 b5 12. Nc2 Na5 13. Qb4 Qxb4 14. Nxb4 Bb7 15. Ne5 Nc4 16. Nbd3 Rac8 17. Bf3 Rfd8 18. a4 bxa4 19. Nxc4 Rxc4 20. Ne5 Rc5 21. Ra1 Rb5 22. Nd3 Nd7 23. Be2 e5 24. Bg3 Nb6 25. Nb4 Ra5 26. Rfd1 Bf6 27. Nd3 Nc4 28. Ra2 Rc8 29. Rda1 Rb5 30. Nb4 a5 31. Nc2 Bc6 32. Bxc4 dxc4 33. Na3 Rc5 34. Rd1 Be4 35. f3 Bd3 36. e4 Rb8 37. Bf2 Rc7 38. Be3 Rcb7 39. Rd2 Be7 40. Kf2 h5 41. g3 Rb3 42. f4 f6 43. fxe5 fxe5 44. Rxd3 cxd3 45. Nc4 a3 46. bxa3 Rxc3 47. Nxe5 Rc2+ 48. Rxc2 dxc2 0-1

[Event "Heraklion Fischer Memorial 8th"]
[Site "Heraklion"]
[Date "2022.04.26"]
[Round "2"]
[White "Milikow, Yoav"]
[Black "Nikolaidis, Ioannis"]
[Result "1-0"]
[WhiteElo "2383"]
[BlackElo "2536"]
[PlyCount "109"]
[EventDate "2022.04.25"]
[EventType "tourn"]
[EventRounds "9"]
[EventCountry "GRE"]
[EventCategory "6"]
[SourceTitle "CBM 208 Extra"]
[Source "ChessBase"]
[SourceDate "2022.07.31"]
[SourceVersion "1"]
[SourceVersionDate "2022.07.31"]
[SourceQuality "1"]

1. d4 d5 2. c4 c6 3. Nf3 Nf6 4. g3 Bf5 5. Nc3 e6 6. Nh4 Bg4 7. h3 Bh5 8. g4 Bg6 9. Nxg6 hxg6 10. g5 Ne4 11. Nxe4 dxe4 12. Bg2 Rh4 13. Qb3 Nd7 14. Qg3 Rh5 15. Bxe4 Nb6 16. Qd3 Rxg5 17. Bxg5 Qxg5 18. c5 Nd7 19. h4 Qf6 20. 0-0-0 0-0-0 21. b4 Qf4+ 22. Qe3 Qxe3+ 23. fxe3 Be7 24. Rdf1 f5 25. Bf3 Rh8 26. h5 g5 27. e4 g4 28. Bg2 Bg5+ 29. Kc2 f4 30. e5 Nb8 31. Be4 Na6 32. Rfg1 g3 33. Kc3 Rd8 34. e3 Nc7 35. a4 fxe3 36. Rxg3 Bh6 37. Rf3 Bg5 38. Rg1 Bh6 39. Rf7 a5 40. bxa5 Rd7 41. Rf8+ Rd8 42. Rgf1 Rxf8 43. Rxf8+ Kd7 44. Kd3 Na6 45. Rf7+ Kc8 46. Ke2 Nb4 47. Rf1 Na2 48. Kd3 Bg5 49. Rg1 Bh6 50. Ra1 Nb4+ 51. Kc3 e2 52. Re1 Na2+ 53. Kc2 Nc1 54. Bd3 Be3 55. Bxe2 1-0

[Event "GRE-chT Cup Final"]
[Site "Thessaloniki"]
[Date "2021.12.18"]
[Round "2.1"]
[White "Ioannidis, Evgenios"]
[Black "Nikolaidis, Ioannis"]
[Result "1/2-1/2"]
[WhiteElo "2454"]
[BlackElo "2545"]
[PlyCount "105"]
[EventDate "2021.12.18"]
[EventType "team-k.o."]
[EventRounds "5"]
[EventCountry "GRE"]
[SourceTitle "CBM 205 Extra"]
[Source "ChessBase"]
[SourceDate "2022.01.31"]
[SourceVersion "1"]
[SourceVersionDate "2022.01.31"]
[SourceQuality "1"]
[WhiteTeam "Amo Galaxias"]
[BlackTeam "Peiraikos OS"]
[WhiteTeamCountry "GRE"]
[BlackTeamCountry "GRE"]

1. e4 c6 2. Nf3 d5 3. Nc3 dxe4 4. Nxe4 Nf6 5. Qe2 Nxe4 6. Qxe4 Be6 7. c4 g6 8. d4 Bg7 9. Be2 Bf5 10. Qh4 h6 11. Be3 Nd7 12. g4 Be4 13. 0-0 Bxf3 14. Bxf3 Nb6 15. b3 e6 16. Qg3 0-0 17. Rad1 Qe7 18. a4 Qa3 19. Rd3 Rfd8 20. Rfd1 Rac8 21. Bc1 Qf8 22. a5 Nd7 23. a6 bxa6 24. Bf4 Nb6 25. c5 Nd5 26. Bd6 Rxd6 27. Qxd6 Qxd6 28. cxd6 Nb4 29. Rc3 Rd8 30. Rc4 a5 31. Ra1 Rxd6 32. Rxa5 Rxd4 33. Rxa7 Rxc4 34. bxc4 Bd4 35. Rd7 c5 36. Be4 Na2 37. Kf1 g5 38. Ra7 Nb4 39. Ke2 Kf8 40. h3 Kg8 41. Rc7 Kf8 42. Kf1 Kg7 43. Kg2 Kf8 44. Bb1 Kg7 45. Be4 Kf8 46. Ra7 Kg7 47. Kg3 Be5+ 48. Kf3 Bd4 49. Ra8 Be5 50. Ke2 Bd4 51. f3 Be5 52. Kd2 Bd4 53. Ke2 1/2-1/2

[Event "GRE-ch 70th"]
[Site "Lamia"]
[Date "2021.12.08"]
[Round "5"]
[White "Nikolaidis, Ioannis"]
[Black "Kourkoulos Arditis, Stamatis"]
[Result "1/2-1/2"]
[WhiteElo "2545"]
[BlackElo "2538"]
[PlyCount "64"]
[EventDate "2021.12.04"]
[EventType "tourn"]
[EventRounds "9"]
[EventCountry "GRE"]
[EventCategory "9"]
[SourceTitle "CBM 205 Extra"]
[Source "ChessBase"]
[SourceDate "2022.01.31"]
[SourceVersion "1"]
[SourceVersionDate "2022.01.31"]
[SourceQuality "1"]

1. d4 Nf6 2. c4 g6 3. Nc3 Bg7 4. e4 d6 5. h3 0-0 6. Be3 Na6 7. g4 e5 8. d5 Nc5 9. f3 a5 10. Nge2 c6 11. Ng3 h5 12. h4 hxg4 13. h5 Nxh5 14. Nxh5 gxh5 15. Rxh5 f5 16. dxc6 bxc6 17. Bxc5 dxc5 18. Qxd8 Rxd8 19. exf5 gxf3 20. Kf2 Rd4 21. Bh3 Rf4 22. Rd1 Ba6 23. b3 Rf8 24. Rd6 Bc8 25. Rxc6 Bxf5 26. Nd5 Bxh3 27. Nxf4 Rxf4 28. Rxh3 e4 29. Rc8+ Kf7 30. Rc7+ Kf8 31. Rc8+ Kf7 32. Rc7+ Kf8 1/2-1/2

[Event "GRE-ch 70th"]
[Site "Lamia"]
[Date "2021.12.06"]
[Round "3"]
[White "Nikolaidis, Ioannis"]
[Black "Kanakaris, Georgios"]
[Result "0-1"]
[WhiteElo "2545"]
[BlackElo "2372"]
[PlyCount "120"]
[EventDate "2021.12.04"]
[EventType "tourn"]
[EventRounds "9"]
[EventCountry "GRE"]
[EventCategory "9"]
[SourceTitle "CBM 205 Extra"]
[Source "ChessBase"]
[SourceDate "2022.01.31"]
[SourceVersion "1"]
[SourceVersionDate "2022.01.31"]
[SourceQuality "1"]

1. d4 Nf6 2. c4 g6 3. Nc3 Bg7 4. e4 d6 5. h3 Nbd7 6. Bd3 e5 7. d5 h5 8. Nf3 a5 9. Be3 Bh6 10. Qd2 Bxe3 11. fxe3 Qe7 12. 0-0-0 Nc5 13. Bc2 a4 14. Rhf1 Nfd7 15. Qe2 Nb6 16. Rf2 Bd7 17. Rdf1 0-0-0 18. Nd2 Rdf8 19. b4 axb3 20. axb3 Na6 21. Na2 Kd8 22. b4 f6 23. Nb3 Ke8 24. Na5 Bc8 25. Bd3 Rf7 26. Qc2 Nd7 27. Kb1 Kf8 28. Rc1 Kg7 29. c5 Ndb8 30. c6 bxc6 31. dxc6 d5 32. Qc3 d4 33. exd4 exd4 34. Qe1 Be6 35. Rb2 h4 36. Bc4 Rh5 37. Bd5 Re5 38. Qxh4 Bxd5 39. exd5 Rxd5 40. Qe1 Re5 41. Qd1 Nxb4 42. Rxb4 Na6 43. Ra4 Rb5+ 44. Nb3 Nc5 45. Ra3 Ne4 46. Kb2 Qe5 47. Rc4 d3+ 48. Nc3 Nd6 49. Rca4 Rd5 50. Nd2 Rc5 51. Nf3 Qe6 52. Nd2 Rxc6 53. Rb3 Qe3 54. Ka2 Qf2 55. g4 Re7 56. Rb2 Rxc3 57. Ne4 Nxe4 58. Rxf2 Nxf2 59. Qf1 Re2+ 60. Ka1 d2 0-1

[Event "GRE-ch 70th"]
[Site "Lamia"]
[Date "2021.12.04"]
[Round "1"]
[White "Nikolaidis, Ioannis"]
[Black "Ioannidis, Evgenios"]
[Result "1/2-1/2"]
[WhiteElo "2545"]
[BlackElo "2454"]
[PlyCount "94"]
[EventDate "2021.12.04"]
[EventType "tourn"]
[EventRounds "9"]
[EventCountry "GRE"]
[EventCategory "9"]
[SourceTitle "CBM 205 Extra"]
[Source "ChessBase"]
[SourceDate "2022.01.31"]
[SourceVersion "1"]
[SourceVersionDate "2022.01.31"]
[SourceQuality "1"]

1. e4 c5 2. Nf3 d6 3. d4 cxd4 4. Nxd4 Nf6 5. Nc3 a6 6. Be2 e5 7. Nb3 Be7 8. Be3 Be6 9. Nd5 Nbd7 10. Qd3 0-0 11. c4 b5 12. Nd2 bxc4 13. Nxc4 Nc5 14. Nxe7+ Qxe7 15. Qxd6 Qxd6 16. Nxd6 Ncxe4 17. Nxe4 Nxe4 18. Bf3 f5 19. 0-0 Rab8 20. Bxe4 fxe4 21. b3 Rbc8 22. Rfd1 Rfd8 23. h3 Kf7 24. Rxd8 Rxd8 25. Re1 Rc8 26. Re2 Bd5 27. Rb2 Ke6 28. Kh2 Rc3 29. Bd2 Rc6 30. b4 Bc4 31. a4 Rd6 32. Be3 Rd3 33. b5 axb5 34. axb5 Rb3 35. Rxb3 Bxb3 36. g4 Bc4 37. b6 Ba6 38. Kg3 Kd6 39. Kh4 Bf1 40. Bc5+ Kc6 41. Bf8 g6 42. Bc5 Kb7 43. Kg3 Kc6 44. h4 Be2 45. Be3 Kb7 46. Bc5 Kc6 47. Be3 Kb7 1/2-1/2

[Event "GRE-chT 48th"]
[Site "Athens"]
[Date "2021.09.11"]
[Round "6.1"]
[White "Nikolaidis, Ioannis"]
[Black "Lagarde, Maxime"]
[Result "0-1"]
[WhiteElo "2540"]
[BlackElo "2625"]
[PlyCount "76"]
[EventDate "2021.09.07"]
[EventType "team-swiss"]
[EventRounds "7"]
[EventCountry "GRE"]
[SourceTitle "CBM 204 Extra"]
[Source "ChessBase"]
[SourceDate "2021.11.30"]
[SourceVersion "1"]
[SourceVersionDate "2021.11.30"]
[SourceQuality "1"]
[WhiteTeam "Piraikos"]
[BlackTeam "Evoiki ES"]
[WhiteTeamCountry "GRE"]
[BlackTeamCountry "GRE"]

1. d4 Nf6 2. Nf3 g6 3. Nbd2 Bg7 4. e4 d6 5. Bd3 Nc6 6. 0-0 0-0 7. Re1 e5 8. dxe5 Nxe5 9. Nxe5 dxe5 10. Qe2 Bh6 11. Nc4 Bg4 12. f3 Bxc1 13. Raxc1 Be6 14. Qf2 Nd7 15. Ne3 Nb6 16. Red1 Qg5 17. b3 Rad8 18. a4 a5 19. Qe1 Rd4 20. Nf1 Ra8 21. Qc3 Qe7 22. Be2 c5 23. Ne3 h5 24. Rb1 h4 25. Bc4 Nxc4 26. bxc4 Qg5 27. Re1 Rad8 28. Re2 h3 29. g3 f5 30. exf5 gxf5 31. Nf1 Qg7 32. Rbe1 e4 33. fxe4 f4 34. Qxa5 Bxc4 35. Rf2 Bxf1 36. Rexf1 fxg3 37. hxg3 Qxg3+ 38. Kh1 Rd1 0-1